| 000 | 00386nam a22001457a 4500 | ||
|---|---|---|---|
| 020 | _a9788119443758 | ||
| 082 |
_aM 153.69 _bJOS/S |
||
| 100 | _aJose K. Manuel | ||
| 245 |
_aSareerabasha: _bavatharanavum arthagrahanavum/ _cby Jose K. Manuel |
||
| 260 |
_aKozhikode: _bPavanatma Publishers, _c2024. |
||
| 300 | _a163p. | ||
| 650 | _aBody Language | ||
| 650 | _aPsychology | ||
| 942 | _cBK | ||
| 999 |
_c181881 _d181881 |
||